Prashasan evam lokneeti (Record no. 31757)

MARC details
000 -LEADER
fixed length control field 00447nam a2200169Ia 4500
008 - FIXED-LENGTH DATA ELEMENTS--GENERAL INFORMATION
fixed length control field 230917s9999||||xx |||||||||||||| ||und||
020 ## - ISBN
Price RS295
040 ## - CATALOGING SOURCE
-- 256392
Original cataloging agency VIVEKANANDA LIBRARY
041 ## - Language
-- English
082 ## - DDC NUMBER
Classification number 361.6 S64P
100 ## - MAIN ENTRY--PERSONAL NAME
Personal name Sinha, Manoj, ed.
245 #0 - TITLE STATEMENT
Title Prashasan evam lokneeti
260 ## - PUBLICATION, DISTRIBUTION, ETC. (IMPRINT)
Place of publication, distribution, etc New Delhi
Name of publisher, distributor, etc Orient Blackswan
Date of publication, distribution, etc 2016
300 ## - PHYSICAL DESCRIPTION
Pages xix, 304 p.
500 ## - GENERAL NOTE
General note 3512 17/07/2019 HBD19/7920 06/08/2019 Main Budget
942 ## - ADDED ENTRY ELEMENTS (KOHA)
Koha item type Books
Holdings
Withdrawn status Lost status Damaged status Not for loan Location (home branch) Sublocation or collection (holding branch) Date acquired Koha issues (times borrowed) Koha full call number Accession No. Koha date last seen Koha item type
        VIVEKANANDA LIBRARY VIVEKANANDA LIBRARY 17/09/2019   361.6 S64P 384171 17/09/2023 Books
© Designed and Maintained by Vivekananda Library, MDU Rohtak